A review of electrocardiographic interpretation, (Record no. 90375)
[ view plain ]
| 000 -LEADER | |
|---|---|
| fixed length control field | 00836cam a22002411 4500 |
| 001 - CONTROL NUMBER | |
| control field | sg 44000109 |
| 003 - CONTROL NUMBER IDENTIFIER | |
| control field | DLC |
| 005 - DATE AND TIME OF LATEST TRANSACTION | |
| control field | 20260227112742.0 |
| 008 - FIXED-LENGTH DATA ELEMENTS--GENERAL INFORMATION | |
| fixed length control field | 810815s1944 xx a 000 0 eng |
| 010 ## - LIBRARY OF CONGRESS CONTROL NUMBER | |
| LC control number | sg 44000109 |
| 035 ## - SYSTEM CONTROL NUMBER | |
| System control number | (OCoLC)14721772 |
| 040 ## - CATALOGING SOURCE | |
| Original cataloging agency | DLC |
| Transcribing agency | DNLM |
| Modifying agency | DLC |
| 042 ## - AUTHENTICATION CODE | |
| Authentication code | premarc |
| 050 00 - LIBRARY OF CONGRESS CALL NUMBER | |
| Classification number | RC863 |
| Item number | .I7 |
| 060 0# - NATIONAL LIBRARY OF MEDICINE CALL NUMBER | |
| Classification number | WG 140 |
| Item number | I72r 1944 |
| 100 1# - MAIN ENTRY--PERSONAL NAME | |
| Personal name | Irwin, Charles Bruce, |
| Dates associated with a name | 1881-1943. |
| 245 12 - TITLE STATEMENT | |
| Title | A review of electrocardiographic interpretation, |
| Statement of responsibility, etc. | by Charles B. Irwin, M. D., Ralph E. Dolkart, M. D., and E. W. Passarelli, M. D. ... |
| 260 ## - PUBLICATION, DISTRIBUTION, ETC. | |
| Place of publication, distribution, etc. | Chicago, Ill., |
| Name of publisher, distributor, etc. | Northwestern university press |
| Date of publication, distribution, etc. | [1944] |
| 300 ## - PHYSICAL DESCRIPTION | |
| Extent | 44 p. |
| Other physical details | ill. |
| 500 ## - GENERAL NOTE | |
| General note | "First edition." |
| 500 ## - GENERAL NOTE | |
| General note | "Arranged for use primarily by students at Northwestern university Medical school." - Foreword. |
| 504 ## - BIBLIOGRAPHY, ETC. NOTE | |
| Bibliography, etc. note | "References": p. 44. |
No items available.